AH International Schools' Libraries

Fable: (Record no. 49248)

MARC details
000 -LEADER
fixed length control field 01228nam a2200145 4500
020 ## - INTERNATIONAL STANDARD BOOK NUMBER
International Standard Book Number 9781785650161
100 ## - MAIN ENTRY--PERSONAL NAME
Personal name Hines, Jim C.
9 (RLIN) 86511
245 ## - TITLE STATEMENT
Title Fable:
Remainder of title Blood of heroes /
Statement of responsibility, etc Jim C. Hines.
260 ## - PUBLICATION, DISTRIBUTION, ETC. (IMPRINT)
Place of publication, distribution, etc London:
Name of publisher, distributor, etc Titan Books;
Date of publication, distribution, etc 2015.
300 ## - PHYSICAL DESCRIPTION
Extent 326 p.
Dimensions 20 cm.
520 ## - SUMMARY, ETC.
Summary, etc Deep in Albion's darkest age, long before once upon a time ... Heroes are thought to be gone from the land. So why have the bards begun singing of them once more? For fable newcomers and dedicated fans alike, Blood of Heroes delves into a never-before-glimpsed era, telling the tale of a band of adventures who come together to defend a kingdom in desperate need. The city of Brightlodge is awash with Heroes from every corner of Alibon, all eager for their next quest. When someone tries to burn down the Cock and Bard Inn, four Heroes find themselves hastily thrown together, chasing outlaws through sewers, storming a riverboat full of smugglers, and placing their trust in a most unlikely ally. As the beginnings of a deadly plot are revealed, it becomes clear that Heroes have truly arrived- and so have the villains.<br/>
650 ## - SUBJECT ADDED ENTRY--TOPICAL TERM
Topical term or geographic name as entry element Roman Heroes. Quests (Expeditions).
Form subdivision Fiction.
9 (RLIN) 86512
655 ## - INDEX TERM--GENRE/FORM
Genre/form data or focus term Fantasy.
9 (RLIN) 56253
942 ## - ADDED ENTRY ELEMENTS (KOHA)
Source of classification or shelving scheme
Koha item type J FIC BOOKS
Holdings
Withdrawn status Lost status Source of classification or shelving scheme Damaged status Not for loan Collection code Home library Current library Shelving location Date acquired Full call number Barcode Date last seen Price effective from Koha item type
          SECONDARY Asian Hope Secondary Library Asian Hope Secondary Library Junior Fiction 08/12/2025 J FIC HIN 208301 01/16/2026 08/12/2025 J FIC BOOKS

For any Logos Library related questions please contact Miss Art at swongnarasuk@asianhope.org.

For any Asian Hope Library related questions please contact Miss Raza at graza@asianhope.org.

Click here to explore our ebooks!

Powered by Koha